| 000 | 02049nam a2200217Ia 4500 | ||
|---|---|---|---|
| 003 | Ost | ||
| 005 | 20260416102402.0 | ||
| 008 | 260416s9999||||xx |||||||||||||| ||und|| | ||
| 040 | _cfsecg | ||
| 041 | _aara | ||
| 082 | _a657.835 | ||
| 100 |
_aتباني، آمال _eمؤلف |
||
| 245 | 0 |
_aالمحاسبة العمومية / _c آمال تباني |
|
| 260 |
_aالجزائر _bجامعة الجزائر3: كلية العلوم الإقتصادية، العلوم التجارية وعلوم التسيير _c2021 |
||
| 300 |
_a143 ورقة _bايضاحات _c12 سم |
||
| 504 | _aالمراجع ص.139 | ||
| 520 | _aتقدم هذه المطبوعة دراسة شاملة لمجال المحاسبة العمومية، بدءًا بتعريفها وتطورها وعلاقتها بالمالية العامة. تستعرض المطبوعة الميزانية العامة للدولة وخصائصها ومراحل إعدادها، كما تتناول بالتفصيل مبادئ المحاسبة العمومية مثل مبدأ الفصل بين الآمر بالصرف والمحاسب العمومي ومبدأ التمييز بين الملاءمة والشرعية. وتستعرض المطبوعة كذلك التنظيم القانوني والتقني للمحاسبة العمومية في الجزائر، مع التركيز على قانون المحاسبة العمومية رقم 12-99 وأهمية النصوص القانونية والتنظيمية الأخرى. كما تتطرق المطبوعة إلى دور أعوان المحاسبة العمومية مثل الآمر بالصرف والمحاسب العمومي ووكلاء الإيرادات والنفقات، بالإضافة إلى أهمية الرقابة المالية في ضمان حسن تسيير المال العام. | ||
| 653 | _aالمحاسبة العمومية | ||
| 710 |
_aجامعة الجزائر3: كلية العلوم الإقتصادية، العلوم التجارية وعلوم التسيير _eناشر علمي |
||
| 942 | _cHANDOUT | ||
| 999 |
_c41453 _d41453 |
||